Persuazívnosť a manipulatívnosť v televíznych reláciách o rodine

Bibliographic Details
Main Author: Odaloš, Pavol, 1960- (Author)
Format: Article
Language:Slovak
ISBN:9788055713380
Subjects:

MARC

LEADER 00000naa a2200000 4500
001 vtls011926980
003 SK-MaSNL
005 20260302144137.0
008 200407|2017 xo f|| |0|| ||slo
015 |a SNBRA 2015  |2 svkbbbg 
038 |a SVKBBBG 
040 |a SVKBBBG  |b slo  |c SVKBBBG  |e rda 
041 0 |a slo 
044 |a xo  |c SK 
072 7 |a 316.4/.7  |x Sociálne interakcie  |2 konspekt 
080 |a 7.097  |2 2011 
080 |a 316.776.33  |2 2011 
080 |a 316.628  |2 2011 
080 |a 159.98:659.1  |2 2011 
080 |a 316.356.2  |2 2011 
100 1 |a Odaloš, Pavol,  |d 1960-  |4 aut  |9 86372 
245 1 0 |a Persuazívnosť a manipulatívnosť v televíznych reláciách o rodine  |c Pavol Odaloš 
336 |a text  |b txt  |2 rdacontent 
337 |a bez média  |b n  |2 rdamedia 
338 |a zväzok  |b nc  |2 rdacarrier 
650 0 7 |a televízne relácie  |2 SNKPH  |9 102040 
650 0 7 |a persuázia  |2 SNKPH  |9 4969 
650 0 7 |a manipulácia (psychológia)  |2 SNKPH  |9 4934 
650 0 7 |a psychológia reklamy  |2 SNKPH  |9 22844 
650 0 7 |a rodina  |2 SNKPH  |9 4138 
773 0 |t Manipulačno-komunikačné a persuazívno-komunikačné koncepcie  |d Banská Bystrica : Belianum : Univerzita Mateja Bela, 2017  |g S. 39-46  |z 9788055713380 
852 |a SVKBB  |b KIS3GCP 
958 |a NB 
999 |c 1347641  |d 1349571